000 01389nam a2200361 c 4500
003 BLK
005 20180422101927.0
008 180408b bul|||||r ||||||| ||bul||
010 _aKNG00059683000
020 _a954-730-316-3
_bиздат.: Сиби - ISBN-10
020 _a978-954-730-316-4
_bиздат.: Сиби - ISBN-13
040 _aBLK
041 _aBUL
_cBUL
080 _aГражданско право
_b347
_x(075)
_z347(075)
100 1 _aТасев, Симеон
_eпърви автор
_9253679
700 1 _aМарков, Методи
_eсъавт.
_9367784
139 _aТасев, Симеон и др.
_bТ 36
245 1 0 _aГражданско право
_bОбща част : Помагало
_cСимеон Тасев; съавт. Методи Марков.
250 _a2. изд.
257 _aBGR
260 София
_bСиби
_c2006
_fСофия : Инвестпрес
300 _a280 с.
_c19 см
380 _a3
490 1 _aПоредица Modus studendi : Преглед на изпитната материя
650 4 _aГражданско право - България - учебници за ВУЗ
_9253051
653 _aгражданско право
653 _aучебни помагала
852 _aЦб 227735
856 4 _qpdf
_u
856 4 _qpdf
_u
942 _cKNG
_n0
944 _aCR
_c31.05.2006
_kКети_Илиева
944 _aED
_c04.01.2013
_k
999 _c55711
_d55711